[Event "London Classic op 10th"]
[Site "London"]
[Date "2018.12.12"]
[Round "4"]
[White "Eames, Robert"]
[Black "Karia, Rishul"]
[Result "1-0"]
[WhiteElo "2167"]
[BlackElo "1851"]
[PlyCount "103"]
[EventDate "2018.12.09"]
[EventType "swiss"]
[EventRounds "9"]
[EventCountry "ENG"]
[SourceTitle "CBM 187 Extra"]
[Source "ChessBase"]
[SourceDate "2018.11.04"]
[SourceVersion "1"]
[SourceVersionDate "2018.11.04"]
[SourceQuality "1"]

1. d4 Nf6 2. c4 g6 3. Nc3 Bg7 4. e4 d6 5. Nf3 Nbd7 6. Be2 c5 7. d5 0-0 8. 0-0 Nb6 9. h3 e6 10. Bg5 exd5 11. cxd5 h6 12. Be3 Nh7 13. Qd2 g5 14. g4 Re8 15. Bd3 Nf8 16. Ne2 Ng6 17. Ng3 Nd7 18. Nf5 Nde5 19. Nxe5 Nxe5 20. Be2 Bxf5 21. gxf5 Kh7 22. Kg2 Qf6 23. f3 c4 24. Rac1 Rec8 25. Rc2 b5 26. Rfc1 a6 27. b3 c3 28. Qe1 b4 29. Rd1 a5 30. Bb5 h5 31. Qg3 Bh6 32. Bd4 Qe7 33. Bxe5 Qxe5 34. Qxe5 dxe5 35. d6 Rc5 36. Ba4 Rd8 37. d7 Bf8 38. Kf1 Kg7 39. Ke2 Kf6 40. Rd3 Rc7 41. Kd1 Bc5 42. Rd5 Ke7 43. Rxe5+ Kf6 44. Rd5 g4 45. fxg4 hxg4 46. hxg4 Kg5 47. e5 Kf4 48. Re2 Be3 49. Rd3 Bd2 50. Kc2 Kxg4 51. e6 Bg5 52. e7 1-0

[Event "GBR-ch Major 105th"]
[Site "Hull"]
[Date "2018.08.05"]
[Round "9"]
[White "Nayak, Raghav"]
[Black "Karia, Rishul"]
[Result "0-1"]
[WhiteElo "1901"]
[BlackElo "1836"]
[PlyCount "120"]
[EventDate "2018.07.28"]
[EventType "swiss"]
[EventRounds "9"]
[EventCountry "ENG"]
[SourceTitle "EXT 2019"]
[Source "ChessBase"]
[SourceDate "2018.10.10"]
[SourceVersion "1"]
[SourceVersionDate "2018.10.10"]
[SourceQuality "1"]

1. e4 e5 2. Nf3 Nc6 3. Bb5 a6 4. Ba4 Nge7 5. c3 g6 6. d4 Bg7 7. 0-0 0-0 8. Re1 d6 9. a3 h6 10. d5 Nb8 11. c4 f5 12. Nbd2 f4 13. h3 g5 14. Nh2 Ng6 15. b4 Nd7 16. Bxd7 Bxd7 17. c5 Qe7 18. a4 Qf6 19. Ba3 Rad8 20. Rc1 Nh4 21. Rc3 Qg6 22. Kh1 Qe8 23. a5 Bb5 24. Qb3 Kh7 25. Rec1 Qh5 26. f3 Qg6 27. cxd6 cxd6 28. Rc7 Rf7 29. Qc3 Rdd7 30. Rc8 Rfe7 31. Qb2 Qf7 32. Nc4 Bf8 33. Rc3 Re8 34. Rxe8 Qxe8 35. Nb6 Re7 36. Qc2 Qf7 37. Na8 Qe8 38. Nc7 Qd7 39. Ne6 Bg7 40. Qf2 Rxe6 41. dxe6 Qxe6 42. Qd2 h5 43. Qd5 Qxd5 44. exd5 e4 45. Rc7 e3 46. Bb2 Nf5 47. Kg1 Kg6 48. Bxg7 Nxg7 49. Rxb7 Bd3 50. Rb6 Nf5 51. b5 Ng3 52. Rxd6+ Kf5 53. Rc6 Ne2+ 54. Kh1 Bxb5 55. Rb6 Nd4 56. Kg1 Bd3 57. g4+ fxg3 58. Nf1 Bxf1 59. Kxf1 e2+ 60. Ke1 g2 0-1

[Event "GBR-ch Major 105th"]
[Site "Hull"]
[Date "2018.07.30"]
[Round "3"]
[White "Karia, Rishul"]
[Black "Verma, Shlok"]
[Result "1-0"]
[WhiteElo "1836"]
[BlackElo "1623"]
[PlyCount "63"]
[EventDate "2018.07.28"]
[EventType "swiss"]
[EventRounds "9"]
[EventCountry "ENG"]
[SourceTitle "CBM 185 Extra"]
[Source "ChessBase"]
[SourceDate "2018.07.29"]
[SourceVersion "1"]
[SourceVersionDate "2018.07.29"]
[SourceQuality "1"]

1. e4 e6 2. d4 d5 3. exd5 exd5 4. Bd3 Bd6 5. Qf3 Nf6 6. h3 0-0 7. Nc3 Be6 8. Bg5 Nbd7 9. 0-0-0 a6 10. Nge2 h6 11. Bh4 Be7 12. g4 c5 13. g5 hxg5 14. Bxg5 c4 15. Bf5 Bxf5 16. Qxf5 g6 17. Qf3 b5 18. Bh6 Re8 19. Rdg1 Kh7 20. Be3 Rh8 21. h4 Kg7 22. h5 Qe8 23. hxg6 fxg6 24. Nf4 Rxh1 25. Qxh1 Nf8 26. Ncxd5 Nxd5 27. Nxd5 Qd8 28. Nxe7 Ra7 29. Nf5+ Kf7 30. Nh6+ Kg7 31. d5 Qf6 32. Bd4 1-0

[Event "GBR-ch Major 105th"]
[Site "Hull"]
[Date "2018.07.28"]
[Round "1"]
[White "Karia, Rishul"]
[Black "Shaw, Peter"]
[Result "1/2-1/2"]
[WhiteElo "1836"]
[BlackElo "2093"]
[PlyCount "101"]
[EventDate "2018.07.28"]
[EventType "swiss"]
[EventRounds "9"]
[EventCountry "ENG"]
[SourceTitle "CBM 185 Extra"]
[Source "ChessBase"]
[SourceDate "2018.07.29"]
[SourceVersion "1"]
[SourceVersionDate "2018.07.29"]
[SourceQuality "1"]

1. e4 c5 2. Nc3 a6 3. a4 Nc6 4. f4 g6 5. Nf3 Bg7 6. Bc4 e6 7. d3 Nge7 8. e5 d5 9. exd6 Qxd6 10. 0-0 b6 11. Ne4 Qc7 12. c3 0-0 13. Qe2 Nf5 14. g4 Nd6 15. Bb3 Bb7 16. Nfg5 Na5 17. Bc2 Rad8 18. Nxd6 Qxd6 19. f5 exf5 20. gxf5 Qd5 21. Qe4 Rfe8 22. Qxd5 Bxd5 23. fxg6 hxg6 24. Ne4 c4 25. Bg5 cxd3 26. Bxd3 Bxe4 27. Bxe4 f6 28. Bxg6 fxg5 29. Bxe8 Rxe8 30. Rfe1 Rxe1+ 31. Rxe1 Kf7 32. Re4 Nc6 33. Rc4 Ne5 34. Rb4 Bf8 35. Re4 Bc5+ 36. Kg2 Ke6 37. b4 Kd5 38. Re2 Bf8 39. b5 a5 40. Kg3 Bc5 41. Kh3 Nd3 42. Kg4 Kc4 43. Kxg5 Kxc3 44. h4 Nb2 45. Re4 Kb3 46. h5 Nxa4 47. h6 Bf8 48. h7 Bg7 49. Re7 Bh8 50. Re8 Ba1 51. Re1 1/2-1/2

[Event "BCF-chT4S 1718 (4NCL)"]
[Site "England"]
[Date "2018.01.14"]
[Round "4.204"]
[White "Karia, Rishul"]
[Black "Stoyanov, Viktor"]
[Result "0-1"]
[WhiteElo "1831"]
[BlackElo "2027"]
[PlyCount "54"]
[EventDate "2017.11.11"]
[EventType "team-swiss"]
[EventRounds "11"]
[EventCountry "ENG"]
[SourceTitle "EXT 2020"]
[Source "ChessBase"]
[SourceDate "2019.10.17"]
[SourceVersion "1"]
[SourceVersionDate "2019.10.17"]
[SourceQuality "1"]
[WhiteTeam "Barnet Knights II"]
[BlackTeam "Camberley Juniors"]
[WhiteTeamCountry "ENG"]
[BlackTeamCountry "ENG"]

1. e4 c5 2. Nc3 Nc6 3. f4 g6 4. Bc4 Bg7 5. Nf3 e6 6. e5 d5 7. Bb5 Nge7 8. d4 cxd4 9. Nxd4 0-0 10. Be3 f6 11. Bxc6 bxc6 12. Nf3 Qa5 13. 0-0 c5 14. Bd2 Qb6 15. a4 Ba6 16. Re1 Nf5 17. Rb1 Nd4 18. Nxd4 cxd4 19. Na2 fxe5 20. a5 Qc7 21. Nb4 Bb5 22. Qg4 Qf7 23. Nd3 e4 24. Nc5 e5 25. Ne6 Bd7 26. f5 Bxe6 27. fxe6 Qf2+ 0-1

[Event "GBR-ch Major 104th"]
[Site "Llandudno"]
[Date "2017.07.29"]
[Round "1"]
[White "Karia, Rishul"]
[Black "Edwards, Simon R"]
[Result "0-1"]
[WhiteElo "1776"]
[BlackElo "1973"]
[PlyCount "64"]
[EventDate "2017.07.29"]
[EventType "swiss"]
[EventRounds "9"]
[EventCountry "WLS"]
[SourceTitle "CBM 179 Extra"]
[Source "ChessBase"]
[SourceDate "2017.08.23"]
[SourceVersion "1"]
[SourceVersionDate "2017.08.23"]
[SourceQuality "1"]

1. e4 c5 2. Nc3 Nc6 3. f4 g6 4. Nf3 Bg7 5. g3 e6 6. Bg2 Nge7 7. 0-0 0-0 8. Kh1 d5 9. e5 Nf5 10. Ne2 f6 11. g4 Nfe7 12. exf6 Bxf6 13. g5 Bg7 14. d4 Nf5 15. dxc5 Qe7 16. Ng3 Nxg3+ 17. hxg3 Qxc5 18. c3 Ne7 19. Kh2 Nf5 20. Re1 Qf2 21. Qe2 Qxg3+ 22. Kg1 Bd7 23. Nh2 Rae8 24. Rf1 Nh4 25. Rf2 e5 26. Kh1 Nxg2 27. Rxg2 exf4 28. Qxe8 Rxe8 29. Rxg3 fxg3 30. Nf3 Bg4 31. Nd4 Bxd4 32. cxd4 Bf3+ 0-1

[Event "BCF-ch U16"]
[Site "Bournemouth"]
[Date "2016.07.24"]
[Round "1"]
[White "Purvis, Anna"]
[Black "Karia, Rishul"]
[Result "1/2-1/2"]
[WhiteElo "1410"]
[BlackElo "1781"]
[PlyCount "68"]
[EventDate "2016.07.24"]
[EventType "swiss"]
[EventRounds "7"]
[EventCountry "ENG"]
[SourceTitle "EXT 2017"]
[Source "ChessBase"]
[SourceDate "2016.10.25"]
[SourceVersion "1"]
[SourceVersionDate "2016.10.25"]
[SourceQuality "1"]

1. d4 Nf6 2. Nf3 g6 3. g3 Bg7 4. Bg2 0-0 5. 0-0 d6 6. Nc3 Ne8 7. e4 f5 8. Be3 Nc6 9. Qd2 fxe4 10. Nxe4 Bg4 11. Ne1 Qd7 12. c3 d5 13. Nc5 Qf5 14. Nxb7 Rb8 15. Nc5 Nd6 16. b3 Ne4 17. Nxe4 dxe4 18. Bf4 Rbc8 19. Qe3 Rfd8 20. Bxe4 Qd7 21. Nc2 e6 22. Rfe1 Rf8 23. Bh6 Bxh6 24. Qxh6 Qf7 25. Qd2 Ne7 26. Ne3 Bh3 27. Bg2 Bxg2 28. Nxg2 Nd5 29. Nf4 Nxf4 30. Qxf4 Qxf4 31. gxf4 Rxf4 32. Rxe6 Rcf8 33. Re2 Rg4+ 34. Kh1 Kg7 1/2-1/2

[Event "BCF-chT4 1516 (4NCL)"]
[Site "England"]
[Date "2016.05.02"]
[Round "11.99"]
[White "Ansari, Athar"]
[Black "Karia, Rishul"]
[Result "1/2-1/2"]
[WhiteElo "1755"]
[BlackElo "1937"]
[PlyCount "134"]
[EventDate "2015.11.14"]
[EventType "team-swiss"]
[EventRounds "11"]
[EventCountry "ENG"]
[SourceTitle "EXT 2017"]
[Source "ChessBase"]
[SourceDate "2016.10.25"]
[SourceVersion "1"]
[SourceVersionDate "2016.10.25"]
[SourceQuality "1"]
[WhiteTeam "Shropshire II"]
[BlackTeam "Barnet Knights"]
[WhiteTeamCountry "ENG"]
[BlackTeamCountry "ENG"]

1. e4 e5 2. Nf3 Nc6 3. Bc4 Nf6 4. Ng5 d5 5. exd5 Na5 6. Bb5+ c6 7. dxc6 bxc6 8. Be2 Bc5 9. d3 0-0 10. Nc3 Nd5 11. Bd2 Be7 12. Nf3 Qc7 13. h4 f5 14. a3 e4 15. Ng5 e3 16. Bxe3 Nxe3 17. fxe3 Qg3+ 18. Kd2 f4 19. Nce4 Qxe3+ 20. Ke1 h6 21. Nf3 Rd8 22. Qd2 Nc4 23. Qc3 Nb6 24. Qe5 Re8 25. Qd4 Nd5 26. c4 Qxd4 27. Nxd4 Ne3 28. Kd2 c5 29. Nc6 Bf8 30. g3 Bb7 31. gxf4 Nxc4+ 32. Kc3 Bxc6 33. Kxc4 Bxe4 34. dxe4 Rxe4+ 35. Kd3 Rae8 36. Bh5 Re3+ 37. Kd2 R8e4 38. Rad1 Rg3 39. f5 Ree3 40. Kc2 c4 41. Rhg1 Rxg1 42. Rxg1 Be7 43. Rg4 Re2+ 44. Kb1 Rf2 45. Rxc4 Rxf5 46. Bg6 Rf8 47. h5 Bf6 48. Kc2 Rd8 49. b4 Bd4 50. b5 Bb6 51. a4 Kf8 52. Rf4+ Kg8 53. Kb3 Rd7 54. Re4 Rd8 55. Kb4 Rd4+ 56. Rxd4 Bxd4 57. a5 Kf8 58. Kc4 Bf2 59. Kd5 Ke7 60. Kc6 Kd8 61. Bf5 Be3 62. b6 axb6 63. axb6 Bf2 64. b7 Ba7 65. Kd6 Bb8+ 66. Ke6 Ke8 67. Bg6+ Kd8 1/2-1/2

[Event "BCF-chT4 1516 (4NCL)"]
[Site "England"]
[Date "2016.04.30"]
[Round "9.169"]
[White "Dixon, Chris"]
[Black "Karia, Rishul"]
[Result "1/2-1/2"]
[WhiteElo "1812"]
[BlackElo "1937"]
[PlyCount "61"]
[EventDate "2015.11.14"]
[EventType "team-swiss"]
[EventRounds "11"]
[EventCountry "ENG"]
[SourceTitle "EXT 2017"]
[Source "ChessBase"]
[SourceDate "2016.10.25"]
[SourceVersion "1"]
[SourceVersionDate "2016.10.25"]
[SourceQuality "1"]
[WhiteTeam "The Full Ponty"]
[BlackTeam "Barnet Knights"]
[WhiteTeamCountry "ENG"]
[BlackTeamCountry "ENG"]

1. Nf3 Nf6 2. g3 g6 3. Bg2 Bg7 4. 0-0 d6 5. d3 0-0 6. e4 e5 7. Nbd2 Nh5 8. h3 Nc6 9. Nc4 Be6 10. Ne3 Qd7 11. Kh2 Kh8 12. Ng5 Ne7 13. Nxe6 Qxe6 14. c4 c5 15. Rb1 Nf6 16. b4 b6 17. b5 Rab8 18. a4 Nfg8 19. Bb2 f6 20. Bc3 g5 21. Qg4 Qf7 22. Nf5 Nxf5 23. exf5 h5 24. Qe2 Ne7 25. Be4 Bh6 26. g4 h4 27. Qf3 Rfd8 28. Bd5 Nxd5 29. cxd5 Re8 30. Qe4 Rbc8 31. Bd2 1/2-1/2

[Event "BCF-chT4 1516 (4NCL)"]
[Site "England"]
[Date "2016.02.14"]
[Round "6.178"]
[White "Ukken, Somton"]
[Black "Karia, Rishul"]
[Result "1-0"]
[WhiteElo "1887"]
[BlackElo "1937"]
[PlyCount "63"]
[EventDate "2015.11.14"]
[EventType "team-swiss"]
[EventRounds "11"]
[EventCountry "ENG"]
[SourceTitle "EXT 2017"]
[Source "ChessBase"]
[SourceDate "2016.10.25"]
[SourceVersion "1"]
[SourceVersionDate "2016.10.25"]
[SourceQuality "1"]
[WhiteTeam "Iceni"]
[BlackTeam "Barnet Knights"]
[WhiteTeamCountry "ENG"]
[BlackTeamCountry "ENG"]

1. d4 Nf6 2. c4 g6 3. Nc3 Bg7 4. e4 d6 5. Bd3 Nbd7 6. Nge2 e5 7. d5 Nc5 8. Bc2 Nh5 9. Be3 Na6 10. a3 f5 11. f3 f4 12. Bf2 0-0 13. Qd2 g5 14. 0-0-0 b6 15. Kb1 Nf6 16. g3 g4 17. Ng1 gxf3 18. gxf4 Bh6 19. Bg3 exf4 20. Bxf4 Bxf4 21. Qxf4 Nh5 22. Qh6 Ng7 23. Rf1 f2 24. Nh3 Bxh3 25. Qxh3 Nc5 26. e5 h5 27. e6 Qe7 28. Nd1 Rf4 29. Rxf2 Raf8 30. Rg2 Ne4 31. Rhg1 Rg4 32. Bxe4 1-0

[Event "London Weekend U1800 7th"]
[Site "London"]
[Date "2015.12.05"]
[Round "3.9"]
[White "Karia, Rishul"]
[Black "Moir, Donald"]
[Result "1-0"]
[WhiteElo "1737"]
[BlackElo "1181"]
[PlyCount "93"]
[EventDate "2015.12.04"]
[EventType "swiss"]
[EventRounds "5"]
[EventCountry "ENG"]
[SourceTitle "EXT 2023"]
[Source "ChessBase"]
[SourceDate "2022.10.05"]
[SourceVersion "1"]
[SourceVersionDate "2022.10.05"]
[SourceQuality "1"]

1. e4 e6 2. d4 d5 3. exd5 exd5 4. Bd3 Nc6 5. c3 Bd6 6. Qf3 Be6 7. Ne2 Qe7 8. 0-0 g5 9. Ng3 0-0-0 10. Na3 g4 11. Qe2 a6 12. b4 b5 13. Nc2 h5 14. a4 Bd7 15. Qxe7 Ncxe7 16. axb5 Bxb5 17. Bxb5 axb5 18. Ne3 c6 19. Nef5 Nxf5 20. Nxf5 Bc7 21. Ra8+ Kd7 22. Ra7 Kc8 23. Bd2 Nf6 24. Bg5 Ne4 25. Bxd8 Rxd8 26. Ra8+ Kd7 27. Rxd8+ Kxd8 28. Rc1 Bf4 29. Rc2 Bd2 30. Ng3 Bg5 31. Nxh5 f5 32. Ng7 Bd2 33. Ne6+ Ke7 34. Nc5 Bg5 35. f3 gxf3 36. gxf3 Nd2 37. Kf2 Bh4+ 38. Ke2 Nc4 39. Kd3 f4 40. Re2+ Ne3 41. Rxe3+ fxe3 42. Kxe3 Kf6 43. Nd7+ Ke6 44. Ne5 Kd6 45. f4 Be1 46. Kd3 Bf2 47. Nf3 1-0

[Event "London Weekend U1800 7th"]
[Site "London"]
[Date "2015.12.05"]
[Round "2.35"]
[White "Rogacewicz, Mikolaj"]
[Black "Karia, Rishul"]
[Result "0-1"]
[WhiteElo "1289"]
[BlackElo "1737"]
[PlyCount "40"]
[EventDate "2015.12.04"]
[EventType "swiss"]
[EventRounds "5"]
[EventCountry "ENG"]
[SourceTitle "EXT 2023"]
[Source "ChessBase"]
[SourceDate "2022.10.05"]
[SourceVersion "1"]
[SourceVersionDate "2022.10.05"]
[SourceQuality "1"]

1. d4 Nf6 2. c4 g6 3. Nc3 Bg7 4. Nf3 d6 5. e4 0-0 6. Be2 Nfd7 7. Qd2 Nc6 8. Qe3 e5 9. dxe5 Ndxe5 10. 0-0 Be6 11. Nxe5 Nxe5 12. b3 f5 13. Rd1 f4 14. Qd4 f3 15. g3 fxe2 16. Nxe2 Nf3+ 17. Kg2 Nxd4 18. Nxd4 Bxd4 19. Rxd4 Qf6 20. Rd2 Qf3+ 0-1

[Event "BCF-chT4 1516 (4NCL)"]
[Site "England"]
[Date "2015.11.15"]
[Round "2.99"]
[White "Karia, Rishul"]
[Black "Sweatman, Paul"]
[Result "1-0"]
[WhiteElo "1937"]
[BlackElo "1488"]
[PlyCount "101"]
[EventDate "2015.11.14"]
[EventType "team-swiss"]
[EventRounds "11"]
[EventCountry "ENG"]
[SourceTitle "EXT 2017"]
[Source "ChessBase"]
[SourceDate "2016.10.25"]
[SourceVersion "1"]
[SourceVersionDate "2016.10.25"]
[SourceQuality "1"]
[WhiteTeam "Barnet Knights"]
[BlackTeam "Throw in the Tal II"]
[WhiteTeamCountry "ENG"]
[BlackTeamCountry "ENG"]

1. e4 e5 2. Nf3 Nc6 3. d4 d6 4. Bb5 Bd7 5. d5 Nb8 6. Bxd7+ Nxd7 7. 0-0 Be7 8. c4 h6 9. Ne1 Nc5 10. Nc3 a6 11. b4 Nd7 12. Nd3 Ngf6 13. f4 0-0 14. fxe5 Nxe5 15. Nxe5 dxe5 16. c5 Qd7 17. Qf3 Qg4 18. Qxg4 Nxg4 19. h3 Nf6 20. Be3 Rac8 21. Rad1 Ne8 22. Ne2 Nf6 23. Ng3 Bd8 24. a4 c6 25. d6 Nd7 26. Nf5 Bf6 27. Ne7+ Kh8 28. Nxc8 Rxc8 29. g4 Kg8 30. Kg2 Rf8 31. Kg3 g5 32. Rf5 Kg7 33. Kf3 Rh8 34. h4 Kg6 35. h5+ Kg7 36. Rb1 Rb8 37. b5 cxb5 38. axb5 axb5 39. Rxb5 Bd8 40. c6 bxc6 41. Rxb8 Nxb8 42. Rxe5 Kf8 43. Rc5 Ke8 44. Bd4 f6 45. Rf5 Nd7 46. Ke3 Bb6 47. Bxb6 Nxb6 48. Rxf6 Nd7 49. Rxh6 c5 50. Rh8+ Kf7 51. Rh7+ 1-0

[Event "BCF-ch U160"]
[Site "Coventry"]
[Date "2015.08.07"]
[Round "5"]
[White "Karia, Rishul"]
[Black "Livesey, R Nigel"]
[Result "1-0"]
[WhiteElo "1688"]
[BlackElo "1831"]
[PlyCount "75"]
[EventDate "2015.08.03"]
[EventType "swiss"]
[EventRounds "5"]
[EventCountry "ENG"]
[SourceTitle "CBM 167 Extra"]
[Source "ChessBase"]
[SourceDate "2015.09.14"]
[SourceVersion "1"]
[SourceVersionDate "2015.09.14"]
[SourceQuality "1"]

1. e4 e6 2. d4 d5 3. exd5 exd5 4. Bd3 Bd6 5. Qf3 c6 6. Ne2 Qf6 7. Qxf6 Nxf6 8. Bg5 Nbd7 9. Nd2 0-0 10. 0-0-0 b6 11. h3 c5 12. c3 c4 13. Bc2 b5 14. g4 b4 15. Bf4 Bxf4 16. Nxf4 bxc3 17. bxc3 g5 18. Ng2 Bb7 19. Ne3 Nb6 20. h4 Bc8 21. hxg5 Nxg4 22. Nxg4 Bxg4 23. f3 Be6 24. Rxh7 f5 25. Rdh1 Bd7 26. f4 Na4 27. Rxd7 Nxc3 28. Kb2 Ne2 29. Nf3 c3+ 30. Ka1 Rab8 31. Bb3 Nxf4 32. Ne5 Rfd8 33. Rdh7 Kf8 34. Nd7+ Rxd7 35. Rxd7 Kg8 36. Bxd5+ Nxd5 37. Rxd5 c2 38. Rc1 1-0

[Event "BCF-ch U15"]
[Site "Coventry"]
[Date "2015.07.30"]
[Round "5"]
[White "Karia, Rishul"]
[Black "Ragavan, Soumiya"]
[Result "1-0"]
[WhiteElo "1688"]
[BlackElo "1389"]
[PlyCount "43"]
[EventDate "2015.07.27"]
[EventType "swiss"]
[EventRounds "7"]
[EventCountry "ENG"]
[SourceTitle "CBM 167 Extra"]
[Source "ChessBase"]
[SourceDate "2015.09.14"]
[SourceVersion "1"]
[SourceVersionDate "2015.09.14"]
[SourceQuality "1"]

1. e4 d5 2. exd5 Qxd5 3. Nc3 Qd6 4. d4 Nf6 5. Nf3 Bg4 6. Be2 c6 7. 0-0 e6 8. Ne5 Bxe2 9. Nxe2 Nbd7 10. f4 Qc7 11. Qd3 0-0-0 12. Qf3 Nb6 13. a4 Rg8 14. c4 Bb4 15. a5 Na8 16. a6 Bf8 17. axb7+ Kxb7 18. Be3 Nb6 19. Nxc6 Nc8 20. Nxd8+ Kb8 21. Nc6+ Kb7 22. Nxa7+ 1-0

[Event "BCF-chT3 1415 (4NCL)"]
[Site "England"]
[Date "2015.05.04"]
[Round "11.187"]
[White "Karia, Rishul"]
[Black "Valentine, Brian J"]
[Result "1/2-1/2"]
[WhiteElo "1817"]
[BlackElo "1977"]
[PlyCount "49"]
[EventDate "2015.03.21"]
[EventType "team-swiss"]
[EventRounds "11"]
[EventCountry "ENG"]
[SourceTitle "EXT 2016"]
[Source "ChessBase"]
[SourceDate "2015.10.08"]
[SourceVersion "1"]
[SourceVersionDate "2015.10.08"]
[SourceQuality "1"]
[WhiteTeam "Barnet Knights"]
[BlackTeam "MK Phoenix II"]
[WhiteTeamCountry "ENG"]
[BlackTeamCountry "ENG"]

1. e4 e5 2. Nf3 Nc6 3. d4 exd4 4. Bc4 Nf6 5. e5 d5 6. Bb5 Ne4 7. Nxd4 Bd7 8. Bxc6 bxc6 9. 0-0 Bc5 10. c3 0-0 11. Nd2 Nxd2 12. Bxd2 Bb6 13. Be3 Qe7 14. Re1 Qxe5 15. Nxc6 Qf6 16. Ne7+ Qxe7 17. Bxb6 Qd6 18. Bd4 Be6 19. Qd2 f6 20. b4 Rfe8 21. Bc5 Qd7 22. Re3 a5 23. a3 axb4 24. cxb4 Bf7 25. Rae1 1/2-1/2

[Event "London Golders Green op U1900 4th"]
[Site "London"]
[Date "2014.08.24"]
[Round "3"]
[White "Karia, Rishul"]
[Black "Bovtramovics, Vladimirs"]
[Result "0-1"]
[WhiteElo "1664"]
[BlackElo "1778"]
[PlyCount "96"]
[EventDate "2014.08.23"]
[EventType "swiss"]
[EventRounds "6"]
[EventCountry "ENG"]
[SourceTitle "EXT 2018"]
[Source "ChessBase"]
[SourceDate "2017.10.13"]
[SourceVersion "1"]
[SourceVersionDate "2017.10.13"]
[SourceQuality "1"]

1. e4 c5 2. Nc3 Nc6 3. f4 e6 4. Bc4 d6 5. Nf3 Nf6 6. e5 dxe5 7. fxe5 Ng4 8. Bb5 Bd7 9. Qe2 a6 10. Bxc6 Bxc6 11. Ne4 Be7 12. 0-0 0-0 13. d3 Nxe5 14. Nxe5 Qd4+ 15. Kh1 Qxe5 16. c3 Qc7 17. Bf4 e5 18. Be3 f5 19. Nxc5 Bxc5 20. Bxc5 Bxg2+ 21. Qxg2 Qxc5 22. Qxb7 Rab8 23. Qg2 Rf6 24. Qf2 Qd5+ 25. Qg2 e4 26. dxe4 fxe4 27. Qg3 Rxf1+ 28. Rxf1 Rxb2 29. Qf4 h6 30. c4 Qxc4 31. Qf8+ Kh7 32. Qf5+ Kh8 33. Qf8+ Qg8 34. Qe7 Rb8 35. Qxe4 Qxa2 36. Qe5 Rd8 37. Qe7 Qd5+ 38. Kg1 a5 39. Rf8+ Rxf8 40. Qxf8+ Kh7 41. Qf2 Qe4 42. Qa2 a4 43. Qa3 Qb1+ 44. Kg2 Qb3 45. Qe7 Qd3 46. h4 a3 47. Qe5 Qc2+ 48. Kg3 a2 0-1